| 000 | 00361nam a22001457a 4500 | ||
|---|---|---|---|
| 020 | _a9780141365459 | ||
| 040 | _cNUST | ||
| 082 | _a823-CH RAO | ||
| 100 |
_aDahl, Roald _97692 |
||
| 110 |
_aBlake, Quentin _981943 |
||
| 245 | _aJames and The Giant Peach | ||
| 260 |
_aLondon: _bPenguin Random House, _c2017. |
||
| 650 | _aEnglish Fiction | ||
| 942 |
_2ddc _cBK |
||
| 999 |
_c593673 _d593673 |
||